| 000 | 00343nam a22001337a 4500 | ||
|---|---|---|---|
| 003 | NUST - PNEC | ||
| 005 | 20170116181029.0 | ||
| 008 | 150918b xxu||||| |||| 00| 0 eng d | ||
| 040 | _cLIBRARY | ||
| 082 | _a652.5 WOR | ||
| 245 | _aWordStar professional release 5 : an advanced book | ||
| 650 |
_99645 _aWord processing _xMIS |
||
| 942 |
_2ddc _cBK |
||
| 999 |
_c67653 _d67653 |
||